banner-ar

حياة ابى بكر / (Record no. 66885)

MARC details
000 -الفاتح
حقل البيانات ثابتة الطول 00575nam a2200193Ia 4500
005 - وقت وتاريخ اخر تعامل مع التسجيلة
رقم الضبط 20240530110945.0
008 - عناصر البيانات ثابتة الطول - معلومات عامة
حقل البيانات ثابتة الطول 140319s1989 xx 000 0 ara d
040 ## - مصدر الفهرسة
وكالة الفهرسة الأصلية GCL /
وكالة النسخ GCL
082 04 - رقم تصنيف ديوى العشرى
رقم التصنيف 922.1 /
رقم المادة م ح
100 1# - المدخل الرئيسى - إسم شخصى
الإسم الشخصى محمود شلبى
245 10 - بيان العنوان
العنوان حياة ابى بكر /
بيان المسئوليه,etc محمود شلبى
260 ## - PUBLICATION, DISTRIBUTION, ETC. (IMPRINT)
تاريخ النشر أو التوزيع 1989
300 ## - الوصف المادى
التعداد 168 ص ؛
أبعاد الوعاء 24 سم
650 04 - المدخل الاضافى بالموضوع-مصطلح موضوعى
مصطلح موضوعي الاسلام
650 04 - المدخل الاضافى بالموضوع-مصطلح موضوعى
مصطلح موضوعي الانبياء
650 04 - المدخل الاضافى بالموضوع-مصطلح موضوعى
مصطلح موضوعي ابى بكر الصديق
942 ## - عناصر المدخل الإضافي( كوها)
مصدر التصنيف او مخطط الترفيف Dewey Decimal Classification
Koha [default] item type كتاب
260 ## - PUBLICATION, DISTRIBUTION, ETC. (IMPRINT)
-- بيروت :
-- دار الجيل،
Holdings
حالة التراجع حالة الفقد حالة تلف ليس للاعارة المكان المؤقت الموقع الحالى موقع الترفيف تاريخ الاكتساب اجمالي اﻻعارات رقم الطلب الباركود تاريخ اخر مشاهدة تاريخ تفعيل السعر نوع وعاء كوها
        مكتبة القاهرة الكبرى مكتبة القاهرة الكبرى ق الرئيسية_التاريخ والجغرافيا_ك عربى 11/15/2022   922.1 / م ح 168858 11/15/2022 11/15/2022 كتاب
        مكتبة القاهرة الكبرى مكتبة القاهرة الكبرى ق الرئيسية_التاريخ والجغرافيا_ك عربى 11/15/2022   922.1 / م ح 168859 11/15/2022 11/15/2022 كتاب

Powered By

EGPV